000 00441nam a22001697a 4500
005 20250313115208.0
010 _aENG-144034
020 _a9789355263872
_c499.00
035 _aEN-127566
037 _bDBAD
082 _a881
100 _aParekh, Rashmi
_979581
245 _ainscape:
_bLost Words Found/
_cby Rashmi Parekh
260 _bRashmi Parekh
_c2021
300 _a115p.
_c21cm(hb)
942 _2ddc
_cEN
_h881
_mPAR
999 _c210273
_d210273